000 00544nam a2200205Ia 4500
003 GCL
008 140319s9999 xx 000 0 eng d
040 _aGCL /
_cGCL
082 0 4 _a746.4
_bL G
100 1 _aLAZARUS, CARALE
245 1 0 _aGLORAFILIA: THE INPRESSIONIST COLLECTION /
_cLAZARUS, CARALE
700 1 _aBERMAN, JENNIFER
260 _a[S.N] :
_bEBURY PRESS ،
_c1993
300 _a120 P
650 0 4 _aNEDDLE WORKS
650 0 4 _aIMPRESSIONISTS
650 0 4 _aART, HISTORY AND CRITICISM
650 0 4 _aHANDWORKS
942 _2ddc
_cBK
999 _c20917
_d20917